Stades des plus grands clubs de football #2 - Statistiques

Statistiques générales
  • Ce quiz a été pris 157 fois
    148 depuis la dernière actualisation
  • Le résultat moyen est 4 sur 20
Statistiques - réponses
Club stade % Correct
Marseille Vélodrome
97%
Olympique lyonnais Groupama Stadium
71%
RB Leipzig Red Bull Arena
37%
Leicester King Power Stadium
36%
Lazio Stadio Olimpico
22%
Valencia Stade de Mestalla
21%
Bayer Leverkusen BayArena
15%
Benfica Stade de Luz
15%
Sporting Club de Portugal Stade José Alvalade
11%
Villarreal Stade de la Ceramique
7%
Bâle Parc Saint-Jacques
5%
Atalanta Gewiss Stadium
4%
Slavia Prague Eden Aréna
3%
Bruges Stade Jan-Breydel
2%
Zenit Stade de Saint-Pétersbourg
2%
Shakhtar Donetsk Stade olympique de Kiev
2%
Dynamo Kiev Stade olympique de Kiev
2%
Dinamo Zagreb Stade Maksimir
1%
Olympiakos Stade Karaïskaki
0%
Salzburg Stade Salzbourg
0%
Aucun quiz correspondant
Distribution des résultats
% des personnes avec chaque résultat
Percentile par nombre de réponses
Votre historique - résultats
Vous n’avez pas pris ce quiz depuis la dernière actualisation